|
|
|
|
| LEADER |
00000nam0a2200000 4500 |
| 001 |
91443 |
| 005 |
20231101213755.0 |
| 010 |
|
|
|a 5777703410
|
| 035 |
|
|
|a (RuTPU)RU\TPU\book\98031
|
| 090 |
|
|
|a 91443
|
| 100 |
|
|
|a 20060226d2005 k y0rusy50 ca
|
| 101 |
1 |
|
|a rus
|c eng
|
| 102 |
|
|
|a RU
|
| 105 |
|
|
|a a s 001zy
|
| 200 |
1 |
|
|a Доклад о развитии человека 2005. Международное сотрудничество на перепутье: помощь, торговля и безопасность в мире неравенства
|e пер. с англ.
|f отв. за вып. О. Зимарин
|
| 210 |
|
|
|a Москва
|c Весь Мир
|d 2005
|
| 215 |
|
|
|a 416 с.
|c ил.
|
| 300 |
|
|
|a Опубликовано для Программы развития ООН (ПРООН)
|
| 320 |
|
|
|a Определения статистических терминов: с. 376-386.
|
| 320 |
|
|
|a Первичные источники статистических данных: с. 387-388.
|
| 320 |
|
|
|a Классификация стран: с. 389-392.
|
| 320 |
|
|
|a Алфавитный перечень показателей: с. 393-396.
|
| 320 |
|
|
|a Алфавитный перечень показателей ЦРДТ, включенных в таблицы: с. 397-398.
|
| 330 |
|
|
|a Тема Доклада — состояние человеческого потенциала в связи с задачей достижения к 2015 г. Целей в области развития, сформулированных в Декларации тысячелетия. Основное внимание уделяется трем «опорам» международного сотрудничества — помощи, торговле и безопасности.Рассмотрена роль финансовой помощи в содействии развитию человека, формулируются актуальные задачи повышения качества помощи. Критически анализируются результаты раундов торговых переговоров под эгидой ВТО. Показано, как нечестные правила международной торговли способствуют построению несправедливой модели глобализации. Рассмотрена связь между насильственными конфликтами и развитием человека. Формулируются выводы и рекомендации. Статистический раздел Доклада содержит 33 таблицы индикаторов развития человеческого потенциала.
|
| 606 |
1 |
|
|a Международные отношения
|z 20 в.
|z 21 в.
|2 stltpush
|3 (RuTPU)RU\TPU\subj\41935
|9 61703
|
| 606 |
1 |
|
|a Международные экономические связи
|2 stltpush
|3 (RuTPU)RU\TPU\subj\36407
|9 57801
|
| 610 |
1 |
|
|a политика
|
| 610 |
1 |
|
|a экономика
|
| 610 |
1 |
|
|a международная торговля
|
| 610 |
1 |
|
|a международная безопасность
|
| 610 |
1 |
|
|a глобализация
|
| 610 |
1 |
|
|a финансы
|
| 610 |
1 |
|
|a международное сотрудничество
|
| 686 |
|
|
|a Ф4(0)
|v LBC/SL-A
|2 rubbk
|
| 686 |
|
|
|a У58
|v LBC/SL-A
|2 rubbk
|
| 702 |
|
1 |
|a Зимарин
|b О.
|4 540
|
| 801 |
|
1 |
|a RU
|b 63413507
|c 20060226
|g PSBO
|
| 801 |
|
2 |
|a RU
|b 63413507
|c 20201117
|g PSBO
|
| 900 |
|
|
|a Современные международные отношения
|
| 942 |
|
|
|c BK
|
| 959 |
|
|
|a 18/20060226
|d 1
|e 558,14
|f ЧЗГЛ:1
|